000 00359nam a2200157Ia 4500
003 0STCL
008 150530s9999 xx 000 0 und d
040 _aSTCL
_cSTCL
100 _aFindlay Shirras, G.
245 _aIndian finance and banking
260 _bMacmillan
_c1920
546 _aEnglish
942 _2ddc
_cBK
999 _c7755
_d7755
005 20220125165455.0